000 00727nam a2200289Ia 4500
005 20260324122513.0
008 008 260324s9999 xx 000 0 eng d
020 _a9781315599762
037 _aEBOOK
040 _aCRL
040 _beng
040 _cCRL
041 _2eng
041 _aeng
084 _qCRL
100 _aFernando Mendez; Jonathan Wheatley
_91166697
245 0 _aPatterns of Constitutional Design
245 4 _bThe Role of Citizens and Elites in Constitution-Making
260 _bTaylor and Francis
260 _c2013
365 _a
365 _b240
856 _uhttp://www.taylorfrancis.com/books/9781315599762
942 _cEBOOK
999 _c1759509
_d1759509